|
|
|
|
| LEADER |
00000nab a2200000 ar4500 |
| 001 |
vtls010694185 |
| 003 |
SK-MaSNL |
| 005 |
20260303213135.0 |
| 008 |
150721c2015 xo |r|p|||an |000 b|slo |
| 015 |
|
|
|a SNBRB2015/07
|
| 038 |
|
|
|a SPK
|
| 040 |
|
|
|a SPKCL
|b slo
|c AACR2
|e AACR2
|
| 041 |
0 |
|
|a slo
|b slo
|
| 044 |
|
|
|a xo
|c SK
|
| 072 |
|
7 |
|a 17
|x Etika. Morálna filozofia
|2 konspekt
|
| 072 |
|
7 |
|a 373.2/.3
|x Predškolská a primárna výchova a vzdelávanie
|2 konspekt
|
| 072 |
|
7 |
|a 373.5/.6
|x Stredné školy
|2 konspekt
|
| 080 |
|
|
|a 373.3
|2 2001
|
| 100 |
1 |
|
|a Slovíková, Mária
|4 aut
|9 11916
|
| 245 |
1 |
0 |
|a Znížená známka zo správania u žiakov základných a stredných škôl
|c Mária Slovíková
|
| 300 |
|
|
|b Grafy, tab.
|
| 504 |
|
|
|a Bibliogr. odkazy
|
| 546 |
|
|
|a Res. slov.
|
| 650 |
0 |
7 |
|a základné školy
|2 snkbucl
|9 1280
|
| 650 |
0 |
7 |
|a stredné školy
|2 snkbucl
|9 1279
|
| 650 |
0 |
7 |
|a správanie žiaka
|2 snkbucl
|9 1106609
|
| 773 |
0 |
|
|t Prevencia : informačný bulletin zameraný na prevenciu sociálno-patologických javov v rezorte školstva
|g Roč. XIV, č. 1(2015), s. 16-34
|x 1336-3689
|
| 852 |
|
|
|a SPK
|b KIS3GCP
|
| 958 |
|
|
|a NB
|2 spk
|
| 999 |
|
|
|c 2210821
|d 2212751
|